[Event "55th Rubinstein Memorial-A 2019"]
[Site "Polanica-Zdroj"]
[Date "2019.08.24"]
[Round "8.20"]
[White "Malicka, Maria"]
[Black "Hasterok, Mateusz"]
[Result "1-0"]
[WhiteElo "2062"]
[BlackElo "1911"]
[Annotator "NA"]
[PlyCount "119"]
[EventDate "2019.08.17"]
[EventType "swiss"]
[EventCountry "POL"]
[SourceTitle "playchess.com"]
[Source "ChessBase"]
[SourceQuality "1"]
[TimeControl "40/5400+30:1800+30"]

1. e4 {[%emt 0:00:00]} c6 {[%emt 0:00:00]} 2. d4 {[%emt 0:00:00]} d5 {[%emt 0:00:00]} 3. Nc3 {[%emt 0:00:00]} dxe4 {[%emt 0:00:00]} 4. Nxe4 {[%emt 0:00:00]} Bf5 {[%emt 0:00:00]} 5. Ng3 {[%emt 0:00:00]} Bg6 {[%emt 0:00:00]} 6. h4 {[%emt 0:00:00]} h6 {[%emt 0:00:00]} 7. Nf3 {[%emt 0:00:00]} Nd7 {[%emt 0:00:00]} 8. h5 {[%emt 0:00:00]} Bh7 {[%emt 0:00:02]} 9. Bd3 {[%emt 0:00:04]} Bxd3 {[%emt 0:00:04]} 10. Qxd3 {[%emt 0:00:02]} e6 {[%emt 0:00:06]} 11. Bd2 {[%emt 0:00:12]} Ngf6 {[%emt 0:00:06]} 12. O-O-O {[%emt 0:00:16]} Be7 {[%emt 0:00:11]} 13. Ne4 {[%emt 0:00:11]} Nxe4 {[%emt 0:00:04]} 14. Qxe4 {[%emt 0:00:03]} Nf6 {[%emt 0:00:05]} 15. Qd3 {[%emt 0:00:09]} Qd5 {[%emt 0:00:03]} 16. c4 {[%emt 0:00:11]} Qe4 {[%emt 0:00:04]} 17. Qb3 {[%emt 0:00:03]} O-O-O {[%emt 0:07:21]} 18. Rhe1 {[%emt 0:07:43]} Qf5 {[%emt 0:04:07]} 19. Re5 {[%emt 0:02:31]} Qg4 {[%emt 0:12:08]} 20. Ra5 {[%emt 0:04:37]} a6 {[%emt 0:00:36]} 21. Ne5 {[%emt 0:13:49]} Qxd4 {[%emt 0:00:38]} 22. Nxf7 {[%emt 0:00:14]} Ne4 {[%emt 0:03:01]} 23. Nxd8 {[%emt 0:01:13]} Qxd8 {[%emt 0:00:23]} 24. Be1 {[%emt 0:16:26]} Qc7 {[%emt 0:03:07]} 25. Qf3 {[%emt 0:21:56]} Nc5 {[%emt 0:09:42]} 26. Kb1 {[%emt 0:02:48]} Rf8 {[%emt 0:03:55]} 27. Qe3 {[%emt 0:03:07]} Qb6 {[%emt 0:05:10]} 28. Ra3 {[%emt 0:01:09]} Bg5 {[%emt 0:03:30]} 29. Qe2 {[%emt 0:01:52]} Rd8 {[%emt 0:13:38]} 30. Ba5 {[%emt 0:02:34]} Rxd1+ {[%emt 0:00:06]} 31. Qxd1 {[%emt 0:00:02]} Qa7 {[%emt 0:00:06]} 32. Qd6 {[%emt 0:00:22]} b6 {[%emt 0:03:33]} 33. Qxc6+ {[%emt 0:00:24]} Qc7 {[%emt 0:00:03]} 34. Qxb6 {[%emt 0:03:52]} Qe5 {[%emt 0:01:20]} 35. Qc6+ {[%emt 0:01:01]} Kb8 {[%emt 0:00:17]} 36. Rf3 {[%emt 0:04:29]} Bf6 {[%emt 0:00:44]} 37. Bc3 {[%emt 0:04:58]} Qe2 {[%emt 0:01:36]} 38. Qd6+ {[%emt 0:00:05]} Kb7 {[%emt 0:00:44]} 39. Bxf6 {[%emt 0:03:27]} gxf6 {[%emt 0:01:05]} 40. Qd4 {[%emt 0:00:00]} Qe1+ {[%emt 0:00:00]} 41. Kc2 {[%emt 0:07:25]} Qe2+ {[%emt 0:05:21]} 42. Qd2 {[%emt 0:02:08]} Qe4+ {[%emt 0:02:28]} 43. Kd1 {[%emt 0:01:40]} Qb1+ {[%emt 0:00:23]} 44. Qc1 {[%emt 0:03:29]} Qe4 {[%emt 0:02:10]} 45. Qxh6 {[%emt 0:01:09]} Qxc4 {[%emt 0:01:31]} 46. Qd2 {[%emt 0:03:22]} Qf1+ {[%emt 0:01:29]} 47. Kc2 {[%emt 0:01:40]} Qxg2 {[%emt 0:01:00]} 48. Qe3 {[%emt 0:05:44]} Qg4 {[%emt 0:02:25]} 49. Rf4 {[%emt 0:00:40]} Qxh5 {[%emt 0:00:46]} 50. Qf3+ {[%emt 0:00:45]} Qxf3 {[%emt 0:00:07]} 51. Rxf3 {[%emt 0:00:02]} f5 {[%emt 0:00:07]} 52. Kc3 {[%emt 0:04:58]} Kc6 {[%emt 0:00:24]} 53. Kd4 {[%emt 0:01:32]} Kd6 {[%emt 0:00:06]} 54. Ra3 {[%emt 0:00:17]} e5+ {[%emt 0:00:08]} 55. Ke3 {[%emt 0:00:18]} f4+ {[%emt 0:00:31]} 56. Ke2 {[%emt 0:00:08]} e4 {[%emt 0:00:24]} 57. b4 {[%emt 0:00:24]} Nd7 {[%emt 0:00:37]} 58. Rxa6+ {[%emt 0:00:10]} Kd5 {[%emt 0:00:03]} 59. a4 {[%emt 0:00:56]} Ne5 {[%emt 0:01:11]} 60. Ra5+ 1-0

[Event "55th Rubinstein Memorial-A 2019"]
[Site "Polanica-Zdroj"]
[Date "2019.08.24"]
[Round "8.21"]
[White "Zych, Marek"]
[Black "Jeda, Maciej"]
[Result "1-0"]
[WhiteElo "2061"]
[BlackElo "1815"]
[Annotator "NA"]
[PlyCount "91"]
[EventDate "2019.08.17"]
[EventType "swiss"]
[EventCountry "POL"]
[SourceTitle "playchess.com"]
[Source "ChessBase"]
[SourceQuality "1"]
[TimeControl "40/5400+30:1800+30"]

1. Nf3 {[%emt 0:04:11]} d6 {[%emt 0:00:00]} 2. d4 {[%emt 0:00:12]} Nf6 {[%emt 0:00:00]} 3. c4 {[%emt 0:00:14]} g6 {[%emt 0:00:05]} 4. Nc3 {[%emt 0:00:20]} Bg7 {[%emt 0:00:08]} 5. e4 {[%emt 0:00:12]} O-O {[%emt 0:00:09]} 6. Be2 {[%emt 0:00:10]} e5 {[%emt 0:00:09]} 7. O-O {[%emt 0:00:15]} Nc6 {[%emt 0:00:07]} 8. d5 {[%emt 0:00:42]} Ne7 {[%emt 0:00:09]} 9. Ne1 {[%emt 0:00:30]} Ne8 {[%emt 0:01:54]} 10. f3 {[%emt 0:00:19]} f5 {[%emt 0:00:09]} 11. g4 {[%emt 0:00:14]} Nf6 {[%emt 0:18:35]} 12. Nd3 {[%emt 0:03:38]} Qd7 {[%emt 0:02:58]} 13. Nf2 {[%emt 0:00:13]} h6 {[%emt 0:05:04]} 14. h4 {[%emt 0:02:43]} a6 {[%emt 0:05:25]} 15. Bd2 {[%emt 0:02:01]} Rb8 {[%emt 0:00:48]} 16. b4 {[%emt 0:05:47]} c6 {[%emt 0:02:04]} 17. a4 {[%emt 0:02:06]} Qc7 {[%emt 0:10:44]} 18. a5 {[%emt 0:01:18]} Bd7 {[%emt 0:10:02]} 19. Kg2 {[%emt 0:04:47]} b6 {[%emt 0:18:57]} 20. axb6 {[%emt 0:03:46]} Qxb6 {[%emt 0:00:17]} 21. Nd3 {[%emt 0:01:30]} Qd4 {[%emt 0:04:47]} 22. Nf2 {[%emt 0:00:15]} cxd5 {[%emt 0:04:26]} 23. cxd5 {[%emt 0:00:35]} Rxb4 {[%emt 0:00:53]} 24. Rxa6 {[%emt 0:10:18]} Rc8 {[%emt 0:07:38]} 25. Qc2 {[%emt 0:02:01]} fxg4 {[%emt 0:05:07]} 26. fxg4 {[%emt 0:00:51]} h5 {[%emt 0:00:38]} 27. g5 {[%emt 0:02:51]} Nfxd5 {[%emt 0:01:08]} 28. exd5 {[%emt 0:01:26]} Nf5 {[%emt 0:00:40]} 29. Rh1 {[%emt 0:01:24]} Nxh4+ {[%emt 0:00:20]} 30. Rxh4 {[%emt 0:02:29]} Qxh4 {[%emt 0:00:08]} 31. Qxg6 {[%emt 0:02:46]} Rf8 {[%emt 0:00:22]} 32. Ncd1 {[%emt 0:05:10]} Bf5 {[%emt 0:00:26]} 33. Qxh5 {[%emt 0:00:23]} Be4+ {[%emt 0:00:57]} 34. Nxe4 {[%emt 0:01:41]} Qxe4+ {[%emt 0:00:05]} 35. Bf3 {[%emt 0:00:11]} Qd3 {[%emt 0:00:44]} 36. Bxb4 {[%emt 0:00:38]} Qxa6 {[%emt 0:00:07]} 37. Nf2 {[%emt 0:03:25]} e4 {[%emt 0:01:24]} 38. Nxe4 {[%emt 0:00:25]} Qa2+ {[%emt 0:00:09]} 39. Nf2 {[%emt 0:01:09]} Bd4 {[%emt 0:00:58]} 40. Be1 {[%emt 0:00:00]} Qa1 {[%emt 0:00:00]} 41. Qg6+ {[%emt 0:02:42]} Bg7 {[%emt 0:01:53]} 42. Bg4 {[%emt 0:09:38]} Rf4 {[%emt 0:03:16]} 43. Be6+ {[%emt 0:00:16]} Kf8 {[%emt 0:00:15]} 44. Bd2 {[%emt 0:00:51]} Rxf2+ {[%emt 0:01:27]} 45. Kxf2 {[%emt 0:00:12]} Qd4+ {[%emt 0:00:39]} 46. Kf3 {[%emt 0:02:58]} 1-0

[Event "55th Rubinstein Memorial-A 2019"]
[Site "Polanica-Zdroj"]
[Date "2019.08.24"]
[Round "8.22"]
[White "Vanduyfhuys, Daria"]
[Black "Grochol, Kamil"]
[Result "0-1"]
[WhiteElo "2160"]
[BlackElo "1837"]
[Annotator "NA"]
[PlyCount "68"]
[EventDate "2019.08.17"]
[EventType "swiss"]
[EventCountry "POL"]
[SourceTitle "playchess.com"]
[Source "ChessBase"]
[SourceQuality "1"]
[TimeControl "40/5400+30:1800+30"]

1. d4 {[%emt 0:00:00]} d5 {[%emt 0:00:00]} 2. c4 {[%emt 0:00:00]} e6 {[%emt 0:00:00]} 3. Nc3 {[%emt 0:00:00]} a6 {[%emt 0:00:09]} 4. cxd5 {[%emt 0:00:00]} exd5 {[%emt 0:00:05]} 5. Bf4 {[%emt 0:00:03]} Nf6 {[%emt 0:02:16]} 6. e3 {[%emt 0:00:17]} Bd6 {[%emt 0:01:03]} 7. Bxd6 {[%emt 0:01:03]} Qxd6 {[%emt 0:00:11]} 8. Bd3 {[%emt 0:01:06]} O-O {[%emt 0:01:20]} 9. h3 {[%emt 0:05:10]} b6 {[%emt 0:03:30]} 10. Nf3 {[%emt 0:00:45]} Nbd7 {[%emt 0:01:08]} 11. O-O {[%emt 0:00:25]} Bb7 {[%emt 0:00:45]} 12. Re1 {[%emt 0:02:06]} Ne4 {[%emt 0:06:25]} 13. Rc1 {[%emt 0:02:00]} Rfe8 {[%emt 0:04:12]} 14. a3 {[%emt 0:05:51]} Nxc3 {[%emt 0:16:46]} 15. Rxc3 {[%emt 0:01:47]} c5 {[%emt 0:05:53]} 16. dxc5 {[%emt 0:02:18]} bxc5 {[%emt 0:03:16]} 17. b4 {[%emt 0:12:32]} cxb4 {[%emt 0:11:33]} 18. axb4 {[%emt 0:00:08]} Ne5 {[%emt 0:03:16]} 19. Be2 {[%emt 0:08:48]} Qxb4 {[%emt 0:04:52]} 20. Rb3 {[%emt 0:01:57]} Nxf3+ {[%emt 0:00:42]} 21. Bxf3 {[%emt 0:00:12]} Qe7 {[%emt 0:00:48]} 22. Qb1 {[%emt 0:11:11]} Bc6 {[%emt 0:08:54]} 23. Rc1 {[%emt 0:00:08]} Rac8 {[%emt 0:07:52]} 24. Bg4 {[%emt 0:00:40]} Rc7 {[%emt 0:05:48]} 25. Rbc3 {[%emt 0:03:07]} Rb7 {[%emt 0:00:50]} 26. Qa2 {[%emt 0:01:31]} Bb5 {[%emt 0:00:45]} 27. Qxd5 {[%emt 0:00:26]} Rd8 {[%emt 0:01:26]} 28. Qf3 {[%emt 0:05:13]} g6 {[%emt 0:01:09]} 29. Rc8 {[%emt 0:06:01]} Rxc8 {[%emt 0:00:55]} 30. Rxc8+ {[%emt 0:00:07]} Kg7 {[%emt 0:00:21]} 31. Qd5 {[%emt 0:02:53]} Rc7 {[%emt 0:00:58]} 32. Rb8 {[%emt 0:05:24]} Rc1+ {[%emt 0:00:51]} 33. Bd1 {[%emt 0:01:11]} Qd7 {[%emt 0:01:52]} 34. Rxb5 {[%emt 0:06:28]} Rxd1+ {[%emt 0:00:07]} 0-1

[Event "55th Rubinstein Memorial-A 2019"]
[Site "Polanica-Zdroj"]
[Date "2019.08.24"]
[Round "8.23"]
[White "Galuszka, Kamil"]
[Black "Michalska, Aleksandra"]
[Result "1/2-1/2"]
[WhiteElo "2058"]
[BlackElo "1792"]
[Annotator "NA"]
[PlyCount "93"]
[EventDate "2019.08.17"]
[EventType "swiss"]
[EventCountry "POL"]
[SourceTitle "playchess.com"]
[Source "ChessBase"]
[SourceQuality "1"]
[TimeControl "40/5400+30:1800+30"]

1. e4 e5 2. Nf3 Nc6 3. d4 exd4 4. Nxd4 Qh4 5. Nc3 Bb4 6. Be2 Qxe4 7. Ndb5 Bxc3+ 8. bxc3 Kd8 9. O-O a6 10. Nd4 Nxd4 11. cxd4 Nf6 12. Bf3 Qf5 13. Be3 d5 14. c4 Be6 15. Rb1 Rb8 16. c5 Bd7 17. Be2 Ke7 18. Bd3 Qh5 19. Qe1 Rhc8 20. Bf4+ Kf8 21. Qa5 Ne8 22. Rfe1 f6 23. c6 Bxc6 24. Qc5+ Kg8 25. Qe7 Qg4 26. Re3 Qd7 27. Qb4 Nd6 28. Rbe1 Re8 29. Qb1 g5 30. Bxd6 cxd6 31. Rxe8+ Rxe8 32. Rxe8+ Qxe8 33. Bxh7+ Kg7 34. h3 b5 35. Bf5 Bd7 36. Qc2 Bxf5 37. Qxf5 Qc6 38. g4 a5 39. Kg2 b4 40. h4 gxh4 41. Kh3 Qc3+ 42. Kxh4 Qxd4 43. f4 Qf2+ 44. Kh3 Qf3+ 45. Kh4 Qf2+ 46. Kh5 Qa7 47. Kh4 1/2-1/2

[Event "55th Rubinstein Memorial-A 2019"]
[Site "Polanica-Zdroj"]
[Date "2019.08.24"]
[Round "8.24"]
[White "Czarniecka, Aleksandra"]
[Black "Bojczewski, Mateusz"]
[Result "1/2-1/2"]
[WhiteElo "2042"]
[BlackElo "1836"]
[Annotator "NA"]
[PlyCount "84"]
[EventDate "2019.08.17"]
[EventType "swiss"]
[EventCountry "POL"]
[SourceTitle "playchess.com"]
[Source "ChessBase"]
[SourceQuality "1"]
[TimeControl "40/5400+30:1800+30"]

1. e4 {[%emt 0:00:00]} c6 {[%emt 0:00:00]} 2. d4 {[%emt 0:00:00]} d5 {[%emt 0:00:00]} 3. Nc3 {[%emt 0:00:00]} dxe4 {[%emt 0:00:22]} 4. Nxe4 {[%emt 0:00:00]} Nd7 {[%emt 0:00:32]} 5. Nf3 {[%emt 0:00:28]} Ngf6 {[%emt 0:00:36]} 6. Ng3 {[%emt 0:01:06]} e6 {[%emt 0:01:08]} 7. Bd3 {[%emt 0:01:28]} c5 {[%emt 0:01:00]} 8. O-O {[%emt 0:02:33]} Be7 {[%emt 0:01:23]} 9. Qe2 {[%emt 0:04:16]} O-O {[%emt 0:01:03]} 10. Rd1 {[%emt 0:00:05]} cxd4 {[%emt 0:00:37]} 11. Nxd4 {[%emt 0:04:18]} Nc5 {[%emt 0:00:54]} 12. Bc4 {[%emt 0:09:35]} Qb6 {[%emt 0:22:11]} 13. c3 {[%emt 0:08:36]} a5 {[%emt 0:07:08]} 14. Bf4 {[%emt 0:04:09]} Bd7 {[%emt 0:04:23]} 15. Bb5 {[%emt 0:22:29]} Nd5 {[%emt 0:11:03]} 16. Bd2 {[%emt 0:02:56]} Bf6 {[%emt 0:07:32]} 17. Bxd7 {[%emt 0:04:57]} Bxd4 {[%emt 0:07:13]} 18. Bb5 {[%emt 0:07:20]} Bf6 {[%emt 0:03:41]} 19. Nh5 {[%emt 0:01:37]} Be7 {[%emt 0:06:22]} 20. c4 {[%emt 0:00:14]} Nf6 {[%emt 0:01:15]} 21. Ng3 {[%emt 0:01:48]} Rfd8 {[%emt 0:01:27]} 22. Bc3 {[%emt 0:00:27]} Qc7 {[%emt 0:02:39]} 23. Be5 {[%emt 0:01:12]} Qb6 {[%emt 0:00:26]} 24. b3 {[%emt 0:02:11]} Rxd1+ {[%emt 0:00:53]} 25. Rxd1 {[%emt 0:00:05]} Rd8 {[%emt 0:00:17]} 26. h3 {[%emt 0:03:29]} h6 {[%emt 0:01:06]} 27. Kh2 {[%emt 0:05:49]} Rxd1 {[%emt 0:05:40]} 28. Qxd1 {[%emt 0:00:01]} Nce4 {[%emt 0:02:05]} 29. Nxe4 {[%emt 0:03:31]} Nxe4 {[%emt 0:00:06]} 30. Qg4 {[%emt 0:00:52]} Nf6 {[%emt 0:01:18]} 31. Qf4 {[%emt 0:02:45]} Qc5 {[%emt 0:01:41]} 32. Qd4 {[%emt 0:00:09]} b6 {[%emt 0:02:36]} 33. Qxc5 {[%emt 0:00:43]} Bxc5 {[%emt 0:00:34]} 34. f3 {[%emt 0:00:06]} Kf8 {[%emt 0:00:45]} 35. g3 {[%emt 0:03:32]} Ke7 {[%emt 0:00:23]} 36. Kg2 {[%emt 0:00:05]} g6 {[%emt 0:00:23]} 37. Kf1 {[%emt 0:00:40]} Ne8 {[%emt 0:01:08]} 38. Ke2 {[%emt 0:03:27]} Nd6 {[%emt 0:00:16]} 39. Bc6 {[%emt 0:00:10]} f6 {[%emt 0:00:49]} 40. Bc3 {[%emt 0:00:00]} Nf5 {[%emt 0:00:00]} 41. g4 {[%emt 0:04:01]} Nd4+ {[%emt 0:00:32]} 42. Bxd4 {[%emt 0:00:09]} Bxd4 {[%emt 0:00:07]} 1/2-1/2

[Event "55th Rubinstein Memorial-A 2019"]
[Site "Polanica-Zdroj"]
[Date "2019.08.24"]
[Round "8.25"]
[White "Jedynak, January"]
[Black "Betkowski, Andrzej"]
[Result "0-1"]
[WhiteElo "1822"]
[BlackElo "2023"]
[Annotator "NA"]
[PlyCount "76"]
[EventDate "2019.08.17"]
[EventType "swiss"]
[EventCountry "POL"]
[SourceTitle "playchess.com"]
[Source "ChessBase"]
[SourceQuality "1"]
[TimeControl "40/5400+30:1800+30"]

1. e4 {[%emt 0:00:00]} e6 {[%emt 0:00:00]} 2. d4 {[%emt 0:00:00]} d5 {[%emt 0:00:00]} 3. Nc3 {[%emt 0:00:00]} Bb4 {[%emt 0:00:34]} 4. e5 {[%emt 0:00:15]} c5 {[%emt 0:00:46]} 5. a3 {[%emt 0:00:10]} Bxc3+ {[%emt 0:00:12]} 6. bxc3 {[%emt 0:00:07]} Ne7 {[%emt 0:00:41]} 7. Qg4 {[%emt 0:00:50]} Kf8 {[%emt 0:00:21]} 8. Qd1 {[%emt 0:08:12]} b6 {[%emt 0:07:24]} 9. a4 {[%emt 0:24:48]} Qc7 {[%emt 0:06:21]} 10. Ne2 {[%emt 0:16:15]} Ba6 {[%emt 0:08:59]} 11. Ba3 {[%emt 0:17:51]} Nd7 {[%emt 0:03:20]} 12. Nf4 {[%emt 0:19:21]} Bxf1 {[%emt 0:08:29]} 13. Kxf1 {[%emt 0:00:05]} Ng6 {[%emt 0:03:02]} 14. Nd3 {[%emt 0:01:18]} Kg8 {[%emt 0:02:24]} 15. h4 {[%emt 0:00:32]} h5 {[%emt 0:02:44]} 16. Rh3 {[%emt 0:00:43]} Rc8 {[%emt 0:02:53]} 17. Ne1 {[%emt 0:05:35]} Qd8 {[%emt 0:04:44]} 18. Nf3 {[%emt 0:01:59]} Ne7 {[%emt 0:04:38]} 19. Bc1 {[%emt 0:00:40]} Nf5 {[%emt 0:00:31]} 20. Bg5 {[%emt 0:00:31]} Qc7 {[%emt 0:04:03]} 21. Ne1 {[%emt 0:00:14]} cxd4 {[%emt 0:01:26]} 22. cxd4 {[%emt 0:00:08]} Qc4+ {[%emt 0:00:18]} 23. Rd3 {[%emt 0:01:01]} Nxd4 {[%emt 0:01:02]} 24. Raa3 {[%emt 0:00:24]} Nc5 {[%emt 0:02:28]} 25. Rac3 {[%emt 0:00:28]} Qa6 {[%emt 0:00:07]} 26. Kg1 {[%emt 0:00:40]} Nxd3 {[%emt 0:02:57]} 27. Qxd3 {[%emt 0:00:27]} Rc4 {[%emt 0:00:18]} 28. Rxc4 {[%emt 0:00:50]} Qxc4 {[%emt 0:00:06]} 29. Qa3 {[%emt 0:00:27]} Qe2 {[%emt 0:03:07]} 30. Nd3 {[%emt 0:00:20]} Qd1+ {[%emt 0:03:06]} 31. Kh2 {[%emt 0:00:13]} Ne2 {[%emt 0:00:03]} 32. Bf4 {[%emt 0:01:00]} Rh6 {[%emt 0:06:25]} 33. Qe7 {[%emt 0:00:33]} Qg1+ {[%emt 0:00:29]} 34. Kh3 {[%emt 0:00:06]} Qh1+ {[%emt 0:00:06]} 35. Bh2 {[%emt 0:00:08]} Rg6 {[%emt 0:02:10]} 36. Qe8+ {[%emt 0:00:32]} Kh7 {[%emt 0:00:07]} 37. g4 {[%emt 0:00:06]} Ng1+ {[%emt 0:00:26]} 38. Kg3 {[%emt 0:00:10]} Qf3# 0-1

[Event "55th Rubinstein Memorial-A 2019"]
[Site "Polanica-Zdroj"]
[Date "2019.08.24"]
[Round "8.26"]
[White "Majek, Kacper"]
[Black "Rak, Maciej"]
[Result "1-0"]
[WhiteElo "1984"]
[BlackElo "1779"]
[Annotator "NA"]
[PlyCount "109"]
[EventDate "2019.08.17"]
[EventType "swiss"]
[EventCountry "POL"]
[SourceTitle "playchess.com"]
[Source "ChessBase"]
[SourceQuality "1"]
[TimeControl "40/5400+30:1800+30"]

1. d4 {[%emt 0:09:31]} Nf6 {[%emt 0:00:12]} 2. c4 {[%emt 0:00:08]} e6 {[%emt 0:00:26]} 3. Nf3 {[%emt 0:00:04]} d5 {[%emt 0:00:44]} 4. g3 {[%emt 0:00:07]} dxc4 {[%emt 0:00:40]} 5. Bg2 {[%emt 0:00:16]} a6 {[%emt 0:00:28]} 6. a4 {[%emt 0:02:36]} c5 {[%emt 0:07:02]} 7. O-O {[%emt 0:02:43]} Nc6 {[%emt 0:02:53]} 8. dxc5 {[%emt 0:03:26]} Qxd1 {[%emt 0:01:54]} 9. Rxd1 {[%emt 0:00:53]} Bxc5 {[%emt 0:01:35]} 10. Nbd2 {[%emt 0:00:11]} Ke7 {[%emt 0:13:07]} 11. Nxc4 {[%emt 0:00:39]} Rd8 {[%emt 0:04:37]} 12. Rxd8 {[%emt 0:01:24]} Kxd8 {[%emt 0:01:22]} 13. Nfe5 {[%emt 0:07:33]} Nxe5 {[%emt 0:01:34]} 14. Nxe5 {[%emt 0:01:12]} Ke7 {[%emt 0:05:16]} 15. Bf4 {[%emt 0:11:46]} Nd5 {[%emt 0:11:23]} 16. Bd2 {[%emt 0:09:19]} f6 {[%emt 0:06:58]} 17. Nd3 {[%emt 0:05:52]} Bd6 {[%emt 0:01:52]} 18. e4 {[%emt 0:01:54]} Nb6 {[%emt 0:03:10]} 19. Bc3 {[%emt 0:08:24]} Rb8 {[%emt 0:08:05]} 20. f4 {[%emt 0:07:18]} Kf7 {[%emt 0:04:01]} 21. a5 {[%emt 0:01:22]} Nd7 {[%emt 0:02:27]} 22. e5 {[%emt 0:00:12]} Be7 {[%emt 0:00:27]} 23. Bd4 {[%emt 0:05:58]} b6 {[%emt 0:03:03]} 24. Rc1 {[%emt 0:02:06]} Bb7 {[%emt 0:05:01]} 25. Rc7 {[%emt 0:00:46]} Bxg2 {[%emt 0:00:12]} 26. Kxg2 {[%emt 0:00:28]} Ke8 {[%emt 0:01:39]} 27. f5 {[%emt 0:04:03]} exf5 {[%emt 0:05:40]} 28. e6 {[%emt 0:02:17]} Nf8 {[%emt 0:04:41]} 29. Bxb6 {[%emt 0:01:06]} Nxe6 {[%emt 0:02:15]} 30. Ra7 {[%emt 0:00:22]} Bd8 {[%emt 0:01:07]} 31. Bxd8 {[%emt 0:00:10]} Nxd8 {[%emt 0:01:04]} 32. b4 {[%emt 0:01:37]} Nc6 {[%emt 0:00:32]} 33. Rxg7 {[%emt 0:00:19]} Kf8 {[%emt 0:00:30]} 34. Rxh7 {[%emt 0:00:27]} Kg8 {[%emt 0:00:01]} 35. Rh4 {[%emt 0:00:15]} Kf7 {[%emt 0:00:57]} 36. Kf2 {[%emt 0:02:01]} Ne5 {[%emt 0:00:31]} 37. Ke2 {[%emt 0:00:48]} Kg6 {[%emt 0:00:31]} 38. Nc5 {[%emt 0:02:36]} Ra8 {[%emt 0:00:30]} 39. Rf4 {[%emt 0:01:28]} Kg5 {[%emt 0:00:31]} 40. Kd2 {[%emt 0:00:00]} Rd8+ {[%emt 0:00:00]} 41. Kc3 {[%emt 0:01:02]} Rd6 {[%emt 0:00:37]} 42. h3 {[%emt 0:04:25]} Nc6 {[%emt 0:06:04]} 43. Rh4 {[%emt 0:00:18]} Na7 {[%emt 0:01:20]} 44. Rh8 {[%emt 0:09:20]} Nb5+ {[%emt 0:01:00]} 45. Kc4 {[%emt 0:00:16]} Na3+ {[%emt 0:02:39]} 46. Kb3 {[%emt 0:00:45]} Nb1 {[%emt 0:00:17]} 47. b5 {[%emt 0:02:34]} axb5 {[%emt 0:04:31]} 48. a6 {[%emt 0:00:09]} Nd2+ {[%emt 0:00:14]} 49. Kb4 {[%emt 0:00:20]} Ne4 {[%emt 0:00:22]} 50. a7 {[%emt 0:00:38]} Rd4+ {[%emt 0:02:30]} 51. Kxb5 {[%emt 0:00:09]} Nc3+ {[%emt 0:01:36]} 52. Kc6 {[%emt 0:00:10]} Rd6+ {[%emt 0:00:11]} 53. Kxd6 {[%emt 0:00:28]} Nb5+ {[%emt 0:00:01]} 54. Ke6 {[%emt 0:00:10]} Nxa7 {[%emt 0:00:05]} 55. Rg8+ {[%emt 0:00:04]} 1-0

[Event "55th Rubinstein Memorial-A 2019"]
[Site "Polanica-Zdroj"]
[Date "2019.08.24"]
[Round "8.27"]
[White "Kopica, Paulina"]
[Black "Galant, Ireneusz"]
[Result "0-1"]
[WhiteElo "1932"]
[BlackElo "1774"]
[Annotator "NA"]
[PlyCount "76"]
[EventDate "2019.08.17"]
[EventType "swiss"]
[EventCountry "POL"]
[SourceTitle "playchess.com"]
[Source "ChessBase"]
[SourceQuality "1"]
[TimeControl "40/5400+30:1800+30"]

1. e4 {[%emt 0:00:00]} c5 {[%emt 0:00:00]} 2. Nf3 {[%emt 0:00:00]} Nc6 {[%emt 0:00:00]} 3. d4 {[%emt 0:00:00]} cxd4 {[%emt 0:00:01]} 4. Nxd4 {[%emt 0:00:00]} e5 {[%emt 0:00:17]} 5. Nb5 {[%emt 0:00:00]} a6 {[%emt 0:00:21]} 6. Nd6+ {[%emt 0:00:05]} Bxd6 {[%emt 0:00:08]} 7. Qxd6 {[%emt 0:00:04]} Qe7 {[%emt 0:00:29]} 8. Qd1 {[%emt 0:00:33]} Nf6 {[%emt 0:00:08]} 9. Nc3 {[%emt 0:00:17]} d6 {[%emt 0:00:55]} 10. Be3 {[%emt 0:01:04]} Be6 {[%emt 0:05:37]} 11. Qd2 {[%emt 0:02:16]} b5 {[%emt 0:08:45]} 12. Nd5 {[%emt 0:03:09]} Bxd5 {[%emt 0:01:26]} 13. exd5 {[%emt 0:00:05]} Nb8 {[%emt 0:00:24]} 14. a4 {[%emt 0:04:39]} bxa4 {[%emt 0:02:39]} 15. Bc4 {[%emt 0:05:38]} O-O {[%emt 0:05:07]} 16. O-O {[%emt 0:03:01]} Ne4 {[%emt 0:04:12]} 17. Qd3 {[%emt 0:03:35]} Nf6 {[%emt 0:07:26]} 18. Rxa4 {[%emt 0:02:46]} Qb7 {[%emt 0:07:23]} 19. b3 {[%emt 0:03:35]} Ng4 {[%emt 0:05:21]} 20. Bd2 {[%emt 0:10:02]} f5 {[%emt 0:05:22]} 21. Qe2 {[%emt 0:11:13]} Nf6 {[%emt 0:18:22]} 22. Bb4 {[%emt 0:11:04]} Ne8 {[%emt 0:06:36]} 23. Rfa1 {[%emt 0:04:17]} f4 {[%emt 0:02:33]} 24. f3 {[%emt 0:02:38]} Qb6+ {[%emt 0:02:35]} 25. Kf1 {[%emt 0:06:50]} Qb7 {[%emt 0:02:48]} 26. c3 {[%emt 0:07:30]} Kh8 {[%emt 0:07:09]} 27. Qd3 {[%emt 0:01:41]} g5 {[%emt 0:00:35]} 28. h3 {[%emt 0:03:13]} Qe7 {[%emt 0:04:02]} 29. Bxa6 {[%emt 0:04:39]} g4 {[%emt 0:00:01]} 30. Bc8 {[%emt 0:05:43]} Rxa4 {[%emt 0:01:01]} 31. bxa4 {[%emt 0:00:10]} gxf3 {[%emt 0:01:03]} 32. Qxf3 {[%emt 0:03:10]} e4 {[%emt 0:00:47]} 33. Re1 {[%emt 0:00:07]} e3 {[%emt 0:01:10]} 34. c4 {[%emt 0:01:25]} Qe5 {[%emt 0:00:48]} 35. Be6 {[%emt 0:01:58]} Nf6 {[%emt 0:00:24]} 36. Rc1 {[%emt 0:00:35]} Qb2 {[%emt 0:00:25]} 37. Ba3 {[%emt 0:00:53]} Qxa3 {[%emt 0:00:12]} 38. Rb1 {[%emt 0:00:08]} Qd3+ 0-1